The rise and fall of the Pahlavi Dynasty : (Record no. 64913)
[ view plain ]
| 000 -LEADER | |
|---|---|
| fixed length control field | 01150nam a2200301 a 4500 |
| 001 - CONTROL NUMBER | |
| control field | 64913 |
| 003 - CONTROL NUMBER IDENTIFIER | |
| rucl marc code | BD-RJUL |
| 005 - DATE AND TIME OF LATEST TRANSACTION | |
| control field | 20211209081352.0 |
| 008 - FIXED-LENGTH DATA ELEMENTS--GENERAL INFORMATION | |
| fixed length control field | 000121s1999 ii ab b 000 0 eng d |
| 020 ## - INTERNATIONAL STANDARD BOOK NUMBER | |
| International Standard Book Number | 8120816420 |
| 035 ## - SYSTEM CONTROL NUMBER | |
| System control number | (BD-RJUL)65043 |
| 040 ## - CATALOGING SOURCE | |
| Original cataloging agency | FDA |
| Transcribing agency | FDA |
| Modifying agency | BD-RJUL |
| Language of cataloging | eng |
| 041 1# - LANGUAGE CODE | |
| Language code of text/sound track or separate title | eng |
| 082 ## - DEWEY DECIMAL CLASSIFICATION NUMBER | |
| Edition number | 23 |
| Classification number | 955.05 |
| Author mark and year | FAR 1995 |
| 100 1# - MAIN ENTRY--PERSONAL NAME | |
| Personal name | Fardūst, Ḥusayn, |
| Dates associated with a name | 1917 or 1918-1987. |
| 9 (RLIN) | 192436 |
| 245 14 - TITLE STATEMENT | |
| Title | The rise and fall of the Pahlavi Dynasty : |
| Remainder of title | memoirs of former General Hussein Fardust ; translated and annotated by Ali Akbar Dareini. |
| 246 30 - VARYING FORM OF TITLE | |
| Title proper/short title | Memoirs of former General Hussein Fardust |
| 250 ## - EDITION STATEMENT | |
| Edition statement | 1st ed. |
| 260 ## - PUBLICATION, DISTRIBUTION, ETC. (IMPRINT) | |
| Place of publication, distribution, etc. | Delhi : |
| Name of publisher, distributor, etc. | Motilal Banarsidass Publishers Private Ltd., |
| Date of publication, distribution, etc. | c1995 |
| 300 ## - PHYSICAL DESCRIPTION | |
| Pagination | xxii, 554 p. : |
| Illustrations | ill. ; |
| Size | 22 cm. |
| 504 ## - BIBLIOGRAPHY, ETC. NOTE | |
| Bibliography, etc | Includes bibliographical references. |
| 600 00 - SUBJECT ADDED ENTRY--PERSONAL NAME | |
| Personal name | Mohammad Reza Pahlavi, |
| Titles and other words associated with a name | Shah of Iran, |
| Dates associated with a name | 1919-1980. |
| Personal name | Fardūst, Ḥusayn, |
| Dates associated with a name | 1917 or 1918-1987. |
| 651 #0 - SUBJECT ADDED ENTRY--GEOGRAPHIC NAME | |
| Geographic name | Iran |
| General subdivision | History |
| Chronological subdivision | Qajar dynasty, 1794-1925. |
| 9 (RLIN) | 192438 |
| Geographic name | Iran |
| General subdivision | History |
| Chronological subdivision | Pahlavi dynasty, 1925-1979. |
| 9 (RLIN) | 192439 |
| Geographic name | Iran |
| General subdivision | History |
| Chronological subdivision | 20th century. |
| 9 (RLIN) | 192440 |
| 942 ## - ADDED ENTRY ELEMENTS (KOHA) | |
| Source of classification or shelving scheme | Dewey Decimal Classification |
| Koha item type | Books |
| Lost status | Source of classification or shelving scheme | Damaged status | Not for loan | Collection code | Permanent Location | Current Location | Shelving location | Date acquired | Source of acquisition | Total Checkouts | Full call number | Date last seen | Copy number | Koha item type |
|---|---|---|---|---|---|---|---|---|---|---|---|---|---|---|
| Dewey Decimal Classification | Not For Loan | Non-fiction | Central Library, University of Rajshahi | Central Library, University of Rajshahi | Reading Room | 26/02/1997 | Asia foundation | 955.05 FAR 1995 | 25/02/2017 | C-1 | Books |